000 00398nam a22001457a 4500
999 _c27693
_d27693
008 250225b ||||| |||| 00| 0 eng d
020 _a1904994040
082 0 0 _a823
_bG5583
245 1 0 _aGuinness world records 2006
_cedited by Craig Glenday
260 _aLondon :
_bGuinness world record,
_c2005
300 _a290 p.
650 0 _aYearbook
700 _95813
_aGlenday, Craig
_eeditor
942 _cRT